| 000 | 00543nam a2200181Ia 4500 | ||
|---|---|---|---|
| 003 | GCL | ||
| 008 | 140319s9999 xx 000 0 ara d | ||
| 040 |
_aGCL / _cGCL |
||
| 082 | 0 | 4 |
_a346.07 _bا ق |
| 100 | 1 | _aاحمد محمد محرز | |
| 245 | 1 | 0 |
_aالقانون التجارى / _cاحمد محمد محرز |
| 260 |
_a[S.N] : _bلجنة الاعلام والدراسات المستقبلية ، _c1994 |
||
| 300 | _a516 ص | ||
| 490 | _a | ||
| 650 | 0 | 4 | _aالقانون |
| 650 | 0 | 4 | _aالقانون التجارى |
| 942 |
_2ddc _cBK |
||
| 999 |
_c55055 _d55055 |
||